000 01676cam a22004574i 4500
003 PE-LiUPU
005 20250731173256.0
008 150625s r 000 0 d
020 _a9686529640
035 _a(Sirsi) i9789686529647
040 _aPE-LiUPU
_bspa
_cPE-LiUPU
_erda
049 _aPRUA
082 0 4 _a280
_bC74
_221
100 1 _aContreras Rosales, Edgar,
_eautor.
245 1 1 _a¿Dónde está el error de las sectas? :
_bUna explicación bíblica de las doctrinas fundamentales en que se equivocan las sectas /
_cEdgar Contreras Rosales.
264 1 _aMéxico, DF :
_bEdiciones Las Americas,
_c1997.
300 _a91 páginas ;
_c21 centímetros
336 _atext
_2rdacontent
337 _aunmediated
_2rdamedia
338 _avolume
_2rdacarrier
504 _aIncluye bibliografía.
505 0 _aClasificación de las sectas. -Bibliología. -Teología Propia. -Cristología. -Soteriología. -Eclesiología. -Antropología. -Conclusión.
526 _aSEG42
526 _aSEG41
526 _aSEG40
526 _aSEG39
526 _aP94
526 _aP87
526 _aP86
526 _aP85
526 _aP77
526 _aP76
526 _aP35
541 _g001-0001402;
650 0 4 _aSectas.
942 _2ddc
_cBOOK
949 _a280 C74
_wDEWEY
_c1
_i55128
_lCCODEBUL1
_mBUL
_p5.00
_r0
_sY
_tBOOK
_u2015-6-25
_xTEOLOGIA
_zUNKNOWN
_0COMPRA
_o.STAFF. Colección General
994 _aC0
_bPEPRU
596 _a1
999 _a280 C74
_wDEWEY
_c43750
_i55128
_d43750
_f2021-11-11
_g5
_lCCODEBUL1
_mBUL
_p5.00
_q1
_r0
_sY
_tBOOK
_u2015-6-25
_xTEOLOGIA
_zUNKNOWN
_0COMPRA
_o.STAFF. Colección General
980 _81
_gALBERTO SANCHEZ Responsable de Automatización